Kamen Rider Ghost (Name the Eyecons) Quiz Stats

 Plays Quiz not verified by Sporcle

Score 0/58 Timer 10:00
1 Play Today
% Correct
W Ghost Eyecon
77%
Gaim Ghost Eyecon
77%
Robin Hood Ghost Eyecon
76.3%
Santa Claus Ghost Eyecon
76.3%
Kiva Ghost Eyecon
76.1%
OOO Ghost Eyecon
75.9%
Faiz Ghost Eyecon
75.7%
Blade Ghost Eyecon
75.5%
Fourze Ghost Eyecon
75.5%
Hibiki Ghost Eyecon
75%
Kabuto Ghost Eyecon
74.6%
Drive Ghost Eyecon
74.1%
Decade Ghost Eyecon
73.4%
Toucon Boost Ghost Eyecon
73.2%
Grimm Ghost Eyecon
72.1%
Tutankhamun Ghost Eyecon
72%
Den-O Ghost Eyecon
71.8%
Beethoven Ghost Eyecon
71.6%
Mugen Ghost Eyecon
70.8%
Kamen Rider 45 Ghost Eyecon (Heisei Rider)
70.5%
Houdini Ghost Eyecon
70.2%
Ryuki Ghost Eyecon
68.8%
Ore Ghost Eyecon
68.4%
Goemon Ghost Eyecon
67.7%
Edison Ghost Eyecon
67.5%
Wizard Ghost Eyecon
67.5%
Kuuga Ghost Eyecon
67.3%
Shakespeare Ghost Eyecon
67.3%
Billy the Kid Ghost Eyecon
67%
% Correct
Necrom Ghost Eyecon
66.6%
Musashi Ghost Eyecon
66.4%
Special Ore Ghost Eyecon
65.7%
Specter Ghost Eyecon
65.5%
Newton Ghost Eyecon
64.8%
Kamehameha Ghost Eyecon
64.6%
Kamen Rider 45 Ghost Eyecon (Showa Rider)
64.6%
Benkei Ghost Eyecon
63.8%
Sanzo Ghost Eyecon
63%
Himiko Ghost Eyecon
62.3%
Agito Ghost Eyecon
62.1%
Nobunaga Ghost Eyecon
61.3%
Ryoma Ghost Eyecon
61.1%
Eyecon Driver G
60.4%
Kamen Rider 45 Ghost Eyecon (Ichigo)
59.3%
Dark Ghost Eyecon
56.6%
Zero Specter Ghost Eyecon
55%
Ore Specter Ghost Eyecon
53.6%
Pythagoras Ghost Eyecon
52.3%
Deep Specter Ghost Eyecon
52.1%
Columbus Ghost Eyecon
51.6%
Ikkyu Ghost Eyecon
50.2%
Galileo Ghost Eyecon
47.7%
Ishinomori Ghost Eyecon
42.5%
Darwin Ghost Eyecon
42.5%
Napoleon Ghost Eyecon
41.8%
Deep Specter Ghost Eyecon (Gekikou)
41.3%
Nightingale Ghost Eyecon
40.2%
Da Vinci Ghost Eyecon
36.6%

You're not logged in!

Compare scores with friends on all Sporcle quizzes.
OR
Log In

Show Comments

Extras

Top Quizzes Today


Score Distribution

Your Account Isn't Verified!

In order to create a playlist on Sporcle, you need to verify the email address you used during registration. Go to your Sporcle Settings to finish the process.

Report this User

Report this user for behavior that violates our Community Guidelines.

Details: